<?xml version="1.0" encoding="UTF-8"?>
<collection xmlns="http://www.loc.gov/MARC21/slim">
  <record>
    <leader>00000nam  2200000   4500</leader>
    <controlfield tag="001">INLIS000000000000260</controlfield>
    <controlfield tag="005">20210424010759</controlfield>
    <datafield tag="035" ind1="#" ind2="#">
      <subfield code="a">0010-0421000095</subfield>
    </datafield>
    <datafield tag="245" ind1="1" ind2="#">
      <subfield code="a">Sistem Kendali Pompa Otomatis pada Alat Desalinasi Air Laut Sebagai Sumber Air Minum Berbasis Arduino Uno :</subfield>
      <subfield code="b">Tugas Akhir OSP 2018 /</subfield>
      <subfield code="c">SUNARTI</subfield>
    </datafield>
    <datafield tag="100" ind1=" " ind2="#">
      <subfield code="a">SUNARTI</subfield>
    </datafield>
    <datafield tag="250" ind1="#" ind2="#">
      <subfield code="a">2018</subfield>
    </datafield>
    <datafield tag="300" ind1="#" ind2="#">
      <subfield code="a">xii, 44 halaman :</subfield>
      <subfield code="b">tabel; gambar ;</subfield>
      <subfield code="c">20,5x28 cm</subfield>
      <subfield code="e">lampiran</subfield>
    </datafield>
    <datafield tag="856" ind1="#" ind2="#">
      <subfield code="a">OPAC</subfield>
    </datafield>
    <datafield tag="260" ind1="#" ind2="#">
      <subfield code="a">2018 :</subfield>
      <subfield code="b">Politeknik ATI Makassar. Otomasi Sistem Permesinan,</subfield>
      <subfield code="c">2018</subfield>
    </datafield>
    <datafield tag="082" ind1="#" ind2="#">
      <subfield code="a">TA 818</subfield>
    </datafield>
    <datafield tag="084" ind1="#" ind2="#">
      <subfield code="a">TA 818  SUN s</subfield>
    </datafield>
    <datafield tag="650" ind1="#" ind2="4">
      <subfield code="a">Arduino Uno</subfield>
    </datafield>
    <datafield tag="520" ind1="#" ind2="#">
      <subfield code="a">Air laut pada proses desalinasi dimana air tawar bisa didapat dari uap air laut yang mengembun dan juga untuk memberikan tenaga pada solar cell yang nantinya menghasilkan daya untuk mengisi aki sebagai cadangan energi dan menyalakan pompa serta controller. Namun seiring perkembangan teknologi sekarang sudah mengalami peningkatan yang sangat pesat. Berbagai macam peralatan dengan sistem pengoperasian secara manual semakin ditinggalkan dan beralih pada peralatan yang serba otomatis, sehingga peralatan otomatis lebih mendominasi dalam kehidupan manusia. Penampungan air di desain dengan operasional yang sederhana dengan menggunakan potensiometer di couple dengan bandul sehingga mudah pengoperasiannya. Potensiometer dan bandul berfungsi sebagai alat utama untuk mengetahui ketinggian air pada penampungan disertakan dengan komponen Arduino uno sebagai pengontrol dari rangkaian dimana Arduino uno akan mengambil data yang dikirimkan oleh potensiometer dan bandul akan ditampilkan oleh LCD. Data yang ditampilkan oleh LCD adalah data ketinggian air dan nilai adc 10 bit.</subfield>
    </datafield>
    <datafield tag="990" ind1="#" ind2="#">
      <subfield code="a">52/TA OSP 2018</subfield>
    </datafield>
  </record>
</collection>
